000 00872nam a22002537a 4500
003 MX-MxINE
005 20260601171019.0
008 260518t1994\\\\mx\a||||\||||\00|\0\spa\d
040 _aMX-MxINE
_bspa
_cMX-MxINE
_erda
041 _aspa
050 _aNK8914.A1
_bR43
245 _aRebozos de la coleccion Robert Everts /
_cIrene Logan ... [y otros.]
264 _aMéxico, D.F. :
_bMuseo Franz Mayer :
_bArtes de México,
_cc1994
300 _a59 páginas :
_bilustraciones
336 _2rdacontent
_atexto
337 _2rdamedia
_asin medio
338 _2rdacarrier
_avolumen
490 _aColeccion Uso y estilo
600 1 _aEverts, Robert,
_d1875-1942
_xMuseos de arte
_934420
610 _aMuseo Franz Mayer
_vCatálogos
_934421
650 _2Chales y mantones
_vColecciones privadas
_zMéxico
_934422
700 1 _aLogan, Irene,
_eautor
_92426
942 _2lcc
_cB
_n1
999 _c20824
_d20824